| 000 | 00754nam a22002177a 4500 | ||
|---|---|---|---|
| 999 |
_c20342 _d20342 |
||
| 003 | AR-CdUCM | ||
| 008 | 190529b ||||| |||| 00| 0 spa d | ||
| 040 |
_aMUNICIPALIDAD PROVINCIAL DEL CUSCO _cBIBLIOTECA MUNICIPAL DEL CUSCO |
||
| 082 |
_a693.8 / _bE93 _22ed. |
||
| 100 |
_aEstrada Uribe, Gabriel _942539 |
||
| 245 | _aEstructuras antisísmicas / | ||
| 260 |
_aMéxico,D. F. : _bContinental, _c1975. |
||
| 300 |
_a309 páginas : _c24 cm. |
||
| 505 | _aContenido: Teoría dinámica -- Análisis dinámico de estructuras -- Ingeniería antisísmica... | ||
| 650 |
_aVibración libre _942540 |
||
| 650 |
_aVibración forzada _942541 |
||
| 650 |
_aOnda unidimencional _942542 |
||
| 650 |
_aDuctibilidad _942543 |
||
| 942 |
_2ddc _cLIBROS |
||
| 945 | _aAndy | ||